000 005330000a22001930004500
001 003339
003 MACL
005 20151027121815.0
008 151027b xxu||||| |||| 00| 0 eng d
040 _aMACL
_cMACL
041 _aEnglish
082 _a930.154/RAY
100 _aRay, Himanshu Prabha
_916892
245 _aArchaeology As History In Early South Asia
_cHimanshu Prabha Ray
260 _aNew Delhi
_c2004
_bIndian Council of Social Science Research,
350 _a1800
650 _aHistory
_916893
942 _k930
_cBK
_2ddc
999 _c15242
_d15242